Central Library OPAC University of Rajshahi

Recovery from schizophrenia : (Record no. 59985)

MARC details
000 -LEADER
fixed length control field 01271nam a2200361 a 4500
001 - CONTROL NUMBER
control field 59985
003 - CONTROL NUMBER IDENTIFIER
rucl marc code BD-RjUL
005 - DATE AND TIME OF LATEST TRANSACTION
control field 20211209080807.0
008 - FIXED-LENGTH DATA ELEMENTS--GENERAL INFORMATION
fixed length control field 161228s1994 enka b 001 0 eng c
020 ## - INTERNATIONAL STANDARD BOOK NUMBER
International Standard Book Number 0415092604 (hbk)
International Standard Book Number 0415092612 (pbk)
035 ## - SYSTEM CONTROL NUMBER
System control number (BD-RjUL)60109
040 ## - CATALOGING SOURCE
Original cataloging agency DNLM/DLC
Transcribing agency DLC
Modifying agency BD-RjUL
Language of cataloging eng
041 ## - LANGUAGE CODE
Language code of text/sound track or separate title eng
060 00 - NATIONAL LIBRARY OF MEDICINE CALL NUMBER
Classification number WM 11.1 W283r 1994
082 00 - DEWEY DECIMAL CLASSIFICATION NUMBER
Classification number 362.26
Edition number 23
Author mark and year WAR 1994
100 1# - MAIN ENTRY--PERSONAL NAME
Personal name Warner, Richard,
Dates associated with a name 1943-
9 (RLIN) 178435
245 10 - TITLE STATEMENT
Title Recovery from schizophrenia :
Remainder of title psychiatry and political economy /
Statement of responsibility, etc. Richard Warner.
250 ## - EDITION STATEMENT
Edition statement 2nd ed.
260 ## - PUBLICATION, DISTRIBUTION, ETC. (IMPRINT)
Place of publication, distribution, etc. London ;
-- New York :
Name of publisher, distributor, etc. Routledge,
Date of publication, distribution, etc. 1994.
300 ## - PHYSICAL DESCRIPTION
Pagination xii, 366 p. :
Illustrations ill. ;
Size 24 cm.
504 ## - BIBLIOGRAPHY, ETC. NOTE
Bibliography, etc Includes bibliographical references (p. [290]-345) and indexes.
650 #0 - SUBJECT ADDED ENTRY--TOPICAL TERM
Topical term or geographic name as entry element Schizophrenia
General subdivision Treatment
-- Political aspects.
9 (RLIN) 178436
Topical term or geographic name as entry element Schizophrenia
General subdivision Treatment
-- Economic aspects.
9 (RLIN) 178437
Topical term or geographic name as entry element Schizophrenia
General subdivision Treatment.
9 (RLIN) 178438
Topical term or geographic name as entry element Deinstitutionalization
General subdivision history.
9 (RLIN) 178439
Topical term or geographic name as entry element Psychotropic Drugs
General subdivision therapeutic use.
9 (RLIN) 178440
Topical term or geographic name as entry element Schizophrenia
General subdivision drug therapy.
9 (RLIN) 178441
Topical term or geographic name as entry element Schizophrenia
General subdivision history.
9 (RLIN) 178442
Topical term or geographic name as entry element Socioeconomic Factors.
9 (RLIN) 178443
942 ## - ADDED ENTRY ELEMENTS (KOHA)
Source of classification or shelving scheme Dewey Decimal Classification
Koha item type Books
Holdings
Lost status Source of classification or shelving scheme Damaged status Not for loan Collection code Permanent Location Current Location Shelving location Date acquired Source of acquisition Cost, normal purchase price Total Checkouts Full call number Date last seen Copy number Koha item type
  Dewey Decimal Classification   Not For Loan Non-fiction Central Library, University of Rajshahi Central Library, University of Rajshahi Reading Room 06/07/1997 Ahsanian Mission Book, Dhaka 1413.54   362.26 WAR 1994 28/12/2016 C-1 Books